<?xml version="1.0" encoding="UTF-8"?>
<record
    xmlns:xsi="http://www.w3.org/2001/XMLSchema-instance"
    xsi:schemaLocation="http://www.loc.gov/MARC21/slim http://www.loc.gov/standards/marcxml/schema/MARC21slim.xsd"
    xmlns="http://www.loc.gov/MARC21/slim">

  <leader>01873nam a2200241   4500</leader>
  <controlfield tag="003">vecauma</controlfield>
  <controlfield tag="005">20260410190348.0</controlfield>
  <controlfield tag="007">ta</controlfield>
  <controlfield tag="008">260410b        ve ||||| |||| 00| 0 spa d</controlfield>
  <datafield tag="020" ind1=" " ind2=" ">
    <subfield code="a">0534955800</subfield>
  </datafield>
  <datafield tag="040" ind1=" " ind2=" ">
    <subfield code="a">vecauma</subfield>
    <subfield code="b">spa</subfield>
    <subfield code="c">vecauma</subfield>
    <subfield code="d">vecauma</subfield>
    <subfield code="e">rda</subfield>
  </datafield>
  <datafield tag="041" ind1=" " ind2=" ">
    <subfield code="a">spa</subfield>
  </datafield>
  <datafield tag="100" ind1="1" ind2=" ">
    <subfield code="e">autor</subfield>
  </datafield>
  <datafield tag="245" ind1="1" ind2=" ">
    <subfield code="a">Differential Equations</subfield>
    <subfield code="c">/ With Boundary-Value Problems </subfield>
  </datafield>
  <datafield tag="264" ind1=" " ind2=" ">
    <subfield code="a">Estado Unidos de Am&#xE9;rica:</subfield>
    <subfield code="b">Fourth edition;</subfield>
    <subfield code="c">1997.</subfield>
  </datafield>
  <datafield tag="300" ind1=" " ind2=" ">
    <subfield code="a">582 p&#xE1;ginas.</subfield>
  </datafield>
  <datafield tag="336" ind1=" " ind2=" ">
    <subfield code="a">texto</subfield>
    <subfield code="b">txt</subfield>
    <subfield code="2">rdacontenido</subfield>
  </datafield>
  <datafield tag="337" ind1=" " ind2=" ">
    <subfield code="a">no mediado</subfield>
    <subfield code="b">n</subfield>
    <subfield code="2">rdamedio</subfield>
  </datafield>
  <datafield tag="338" ind1=" " ind2=" ">
    <subfield code="a">volumen</subfield>
    <subfield code="b">nc</subfield>
    <subfield code="2">rdasoporte</subfield>
  </datafield>
  <datafield tag="505" ind1="0" ind2=" ">
    <subfield code="a">Introduction to diferential equations /
First-Order differential equations /
Modeling with first-order differential equations /

AZT and survivability with AIDOS /
by Ivan Kramen
Wolf population dynamics /
by C. Knickerbocker

Differential equations of higher order /
Modeling with higher-order differential equations /

Decay of satellite orbits /
by John Ellison 
The collapse of the tacoma narrows suspension bridge 
by Gilbert N. Lewis /

Series solutions of linear equations /
Laplace transform /
Systems of linear first-order differential equations /

Modeling an Arms race /
by Michael OLinick 
Numerical methods for ordinary differential equations /
Plane autonomous Systems and stability /

The limit cycle in predator-Prey Models /
by M.R. Cullen
Symbolic Dynamics and smale&#xB4;s horseshoe
by John Hubbard

Partial differential equations and Boundary-Value problems in rectangular coordinates /
Boundary-Value problems in other coordinate systems /
Integral transform method /

The shape of a drumbeat /
by M.R. Cullen
Chemical communication and the diffusion equation /
by M.R. Cullen

Numerical methods for partial differential equations /</subfield>
  </datafield>
  <datafield tag="942" ind1=" " ind2="1">
    <subfield code="2">lcc</subfield>
    <subfield code="n">0</subfield>
    <subfield code="c">BK</subfield>
  </datafield>
  <datafield tag="999" ind1=" " ind2=" ">
    <subfield code="c">13349</subfield>
    <subfield code="d">13349</subfield>
  </datafield>
  <datafield tag="952" ind1=" " ind2=" ">
    <subfield code="0">0</subfield>
    <subfield code="1">0</subfield>
    <subfield code="2">lcc</subfield>
    <subfield code="4">0</subfield>
    <subfield code="7">0</subfield>
    <subfield code="8">CG</subfield>
    <subfield code="a">BUMA</subfield>
    <subfield code="b">BUMA</subfield>
    <subfield code="c">GEN</subfield>
    <subfield code="d">2026-04-10</subfield>
    <subfield code="l">0</subfield>
    <subfield code="p">2026-0487</subfield>
    <subfield code="r">2026-04-10</subfield>
    <subfield code="w">2026-04-10</subfield>
    <subfield code="y">BK</subfield>
  </datafield>
</record>
